Le Classement de Ligue 1 à la trêve hivernale - Statistiques

Statistiques générales
  • Ce quiz a été pris 78 fois
  • Le résultat moyen est 15 sur 18
Statistiques - réponses
Classement Nombre de Points Equipe % Correct
3ème 32 Olympique de Marseille
100%
2ème 36 Paris Saint-Germain
100%
1er 37 RC Lens
98%
5ème 27 Olympique Lyonnais
97%
4ème 32 Losc Lille
95%
6ème 27 SRFC Rennes
89%
7ème 23 RC Strasbourg
85%
9ème 23 AS Monaco
84%
17ème 11 FC Nantes
84%
18ème 11 FC Metz
81%
8ème 23 Toulouse FC
81%
13ème 17 OGC Nice
79%
10ème 22 Angers SCO
76%
11ème 19 Stade Brestois
76%
12ème 18 FC Lorient
71%
15ème 15 Le Havre AC
69%
14ème 16 Paris FC
69%
16ème 12 AJ Auxerre
65%
Aucun quiz correspondant
Distribution des résultats
% des personnes avec chaque résultat
Percentile par nombre de réponses
Votre historique - résultats
Vous n’avez pas pris ce quiz